FAO fisheries report N.547 supp Papers presented at the FAO/UNEP Meeting on the toxicity and bioaccumulation of selected substaices in marin organisms ( held at Yugoslavia, 5-9 Nov. 1984 )
Wedi'i Gadw mewn:
| Prif Awdur: | |
|---|---|
| Fformat: | Llyfr |
| Iaith: | Undetermined |
| Cyhoeddwyd: |
Rome
FAO
1984
|
| Pynciau: | |
| Tagiau: |
Ychwanegu Tag
Dim Tagiau, Byddwch y cyntaf i dagio'r cofnod hwn!
|
| Thư viện lưu trữ: | Trung tâm Học liệu Trường Đại học Cần Thơ |
|---|
| LEADER | 00635nam a2200193Ia 4500 | ||
|---|---|---|---|
| 001 | CTU_29215 | ||
| 008 | 210402s9999 xx 000 0 und d | ||
| 082 | |a 639 | ||
| 082 | |b R425/N547supp. | ||
| 100 | |a FAO | ||
| 245 | 0 | |a FAO fisheries report N.547 supp | |
| 245 | 0 | |b Papers presented at the FAO/UNEP Meeting on the toxicity and bioaccumulation of selected substaices in marin organisms ( held at Yugoslavia, 5-9 Nov. 1984 ) | |
| 245 | 0 | |c FAO | |
| 260 | |a Rome | ||
| 260 | |b FAO | ||
| 260 | |c 1984 | ||
| 650 | |a fisheries | ||
| 904 | |i Nguyễn Quang Điền, 990313 | ||
| 980 | |a Trung tâm Học liệu Trường Đại học Cần Thơ | ||